[Event "ROU-chT 1st League 2019"]
[Site "Mamaia"]
[Date "2019.09.22"]
[Round "2.14"]
[White "Florescu, Codrut-Constantin"]
[Black "Sivuk, Vitaly"]
[Result "0-1"]
[WhiteElo "2286"]
[BlackElo "2559"]
[Annotator "TA"]
[PlyCount "64"]
[EventDate "2019.09.21"]
[EventType "team-tourn"]
[EventCountry "ROU"]
[SourceTitle "playchess.com"]
[Source "ChessBase"]
[SourceQuality "1"]

{[%evp 13,64,0,0,0,11,0,0,-16,-16,-10,-14,-21,-18,-18,-12,-20,-27,-25,-32,-41,-29,-48,-37,-29,-16,-27,0,-8,-14,-43,-45,-31,-9,-40,-22,-19,-17,-71,-83,-356,-355,-380,-395,-493,-556,-546,-554,-548,-517,-508,-285,-6052,-5397]} 1. d4 Nf6 2. Nf3 g6 3. Bg5 Bg7 4. Nbd2 h6 5. Bxf6 Bxf6 6. e4 d6 7. c3 O-O 8. a4 $146 {A48: 1 d4 Nf6 2 Nf3 g6: Torre, London and Colle Systems} ({Predecessor:} 8. Bc4 c6 9. e5 Bg7 10. O-O Bg4 11. Qe1 e6 12. Qe3 Bxf3 13. Nxf3 Nd7 14. exd6 Nb6 15. Bb3 Qxd6 16. Rfe1 Rad8 17. Rad1 Nd5 18. Qe4 Nf6 19. Qe3 Nd5 20. Qe4 Nf6 21. Qe3 Nd5 22. Qe4 Nf6 {½-½ (22) Ghaem Maghami,E (2556)-Safarli,E (2641) Bandar e Anzali 2017}) 8... a5 9. Qb3 e5 10. dxe5 {The position is equal.} dxe5 11. Bc4 Nd7 12. Qc2 Nc5 13. O-O Bd7 14. b3 Qe7 15. Rfe1 Rfd8 16. Bd5 Ra7 17. h3 h5 18. Nf1 Bg7 19. Ne3 Qf6 20. Bc4 c6 21. Rad1 Raa8 {[%cal Ba7a8,Ba8d8,Bd8d2][%mdl 32]} 22. Be2 Qf4 23. Nc4 Be6 $36 {[%mdl 2048] White is under pressure.} ({Don't play} 23... Nxe4 $6 24. Nb6 $14) 24. Rxd8+ Rxd8 25. Nxa5 (25. Ncd2 $11 {remains equal.}) 25... Nxe4 $17 {Strongly threatening ...Rd2!} 26. Nxb7 $2 {[%mdl 8192] [#]} (26. Bc4 $17 Bf5 27. Bd3) 26... Rd2 $1 $19 {[%cal Rd2c2][%mdl 512]} 27. g3 {Black must now prevent Qxd2.} (27. Nxd2 Qxf2+) 27... Qf5 (27... Rxc2 28. gxf4 Rxc3 29. Nxe5 $15) 28. Qc1 Bh6 {aiming for ...Be3!} 29. Nd6 Nxd6 ({Not} 29... Rxd6 30. Qxh6 Nxc3 31. Ng5 $11) 30. Nxd2 {[#] Qd1 is the strong threat.} Ne4 $1 {[%mdl 512]} 31. f4 {Hoping for Bd3.} Nxg3 32. Nf3 $2 (32. Bc4) 32... Bxf4 {Accuracy: White = 29%, Black = 80%.} 0-1

[Event "ROU-chT 1st League 2019"]
[Site "Mamaia"]
[Date "2019.09.22"]
[Round "2.15"]
[White "Georgescu, Tiberiu-Marian"]
[Black "Oltean, Liviu-Ioan"]
[Result "1/2-1/2"]
[WhiteElo "2508"]
[BlackElo "2313"]
[Annotator "TA"]
[PlyCount "42"]
[EventDate "2019.09.21"]
[EventType "team-tourn"]
[EventCountry "ROU"]
[SourceTitle "playchess.com"]
[Source "ChessBase"]
[SourceQuality "1"]

{[%evp 9,42,26,25,29,31,22,48,33,36,25,26,29,38,0,13,3,9,0,0,0,0,-56,10,0,0,0,8,0,28,4,4,7,7,0,0]} 1. d4 Nf6 2. Nf3 d5 3. c4 c6 4. e3 e6 5. Bd3 Be7 6. b3 {[%cal Bb2b3,Bb3b4,Bb4b5][%mdl 32] D30: Queen's Gambit Declined: Systems without Nc3} O-O 7. O-O Ne4 8. Qc2 {White is slightly better.} f5 9. Ba3 (9. Bb2 {keeps more tension.} Nd7 10. h3 g5 11. Nc3 h5 12. Ne5) 9... Bxa3 10. Nxa3 Nd7 11. b4 (11. Qb2 b6 12. Rfc1 Bb7 13. Nc2 {½-½ (28) Canovas Pardomingo,M (2589)-Ljubicic,L (2624) ICCF email 2010}) 11... Qe7 12. Qb2 a5 $146 ({Predecessor:} 12... a6 13. Nc2 Rf6 {½-½ (13) Pavlovic,D (2398)-Kalezic,B (2418) Cetinje 2013}) 13. b5 c5 14. dxc5 Ndxc5 15. Rad1 (15. Ne5 $11) 15... b6 (15... Na4 $1 $15 16. Qb3 Qb4 17. Bxe4 (17. cxd5 Nec5 $17) 17... fxe4) 16. cxd5 exd5 17. Nc2 Bb7 18. Ncd4 Rac8 19. Bc2 Qf6 {The position is equal.} 20. Qa1 f4 21. Rfe1 Kh8 {Accuracy: White = 40%, Black = 61%.} 1/2-1/2

[Event "ROU-chT 1st League 2019"]
[Site "Mamaia"]
[Date "2019.09.22"]
[Round "2.16"]
[White "Talu, Mircea"]
[Black "David, Alexandru-Vasile"]
[Result "0-1"]
[WhiteElo "2288"]
[BlackElo "2424"]
[Annotator "TA"]
[PlyCount "102"]
[EventDate "2019.09.21"]
[EventType "team-tourn"]
[EventCountry "ROU"]
[SourceTitle "playchess.com"]
[Source "ChessBase"]
[SourceQuality "1"]

{[%evp 12,102,28,24,26,24,29,26,25,29,28,0,39,22,35,37,33,-5,0,-13,29,31,33,33,33,12,13,12,28,27,103,104,110,20,39,27,20,0,0,0,0,0,0,0,8,0,0,-12,-8,-6,0,0,0,0,0,0,0,0,0,0,0,-76,-33,-40,-43,-95,-89,-134,-129,-124,-114,-116,-100,-107,-60,-102,-11,-12,-6,-17,-6,-6,-6,-6,-6,-8,-8,-441,-441,-631,-631,-650,-648]} 1. d4 Nf6 2. c4 e6 3. Nf3 b6 4. a3 Bb7 5. Nc3 Ne4 6. Nxe4 Bxe4 7. Bf4 d6 {E12: Queen's Indian: Unusual White 4th moves, 4 a3, 4 Nc3 Bb7 5 a3 and 4 Nc3 Bb7} 8. e3 Be7 9. Bd3 (9. Nd2 Bb7 10. Bd3 Nd7 11. Qc2 h5 12. h4 c5 13. Be4 Qc8 14. O-O-O cxd4 15. exd4 d5 16. cxd5 Nf6 17. Bd3 Nxd5 18. Be5 {½-½ (18) Mamedyarov,S (2817)-Korobov,A (2698) St Petersburg 2018}) 9... Bb7 {White has an edge.} 10. e4 Nd7 $146 ({Predecessor:} 10... O-O 11. O-O c5 12. d5 Nd7 13. Qc2 e5 14. Be3 g6 15. Bh6 {1-0 (49) Rychagov,A (2544)-Okrugin,S (2373) Tula 2002}) 11. O-O O-O 12. b4 c5 13. d5 Qc7 14. dxe6 fxe6 15. Qd2 Ne5 16. Bxe5 dxe5 17. b5 Rf4 18. Qe3 Raf8 19. Rad1 h6 20. Bc2 Rxf3 (20... Bd8 $11) 21. gxf3 $16 Bg5 22. f4 (22. Qe2 $16) 22... Rxf4 23. Qh3 Qf7 24. Rd6 Bxe4 25. Bxe4 Rxe4 26. Qxe6 Qxe6 27. Rxe6 Rxc4 28. Rxe5 $11 {[%mdl 4096] Endgame KRR-KRB} Ra4 29. Rd1 Rxa3 30. Rd7 c4 31. Re8+ Kh7 32. Rc8 c3 $1 33. Kf1 Bf6 34. Ke2 Ra5 35. Rc6 {[#] And now Rxf6 would win.} Kg6 36. Rd3 (36. Rd5 $1 $11) 36... Rxb5 37. Rdxc3 a5 {[%cal Ba7a5,Ba5a4][%mdl 32]} 38. Kd2 ({White should try} 38. R3c4 $15) 38... a4 $17 39. Kd3 Rb4 40. Kc2 b5 41. Rb6 Kh7 42. Ra3 Bb2 43. Rd3 Bd4 ({Better is} 43... a3 $17 44. Ra6 Rh4) 44. Ra6 $1 $11 Rc4+ 45. Kb1 Bf6 46. Rd5 Rb4+ 47. Kc2 $1 Rb2+ 48. Kc1 {[#] Strongly threatening Rxf6!} Rb3 {Threatens to win with ...a3.} 49. Ra5 $2 {[%mdl 8192]} (49. Kc2 $1 $11 {and White has nothing to worry.}) 49... a3 $19 {Black is clearly winning.} 50. Ra6 (50. Kd1 $142 b4 51. Ra6) 50... b4 51. Ra4 Rf3 {Accuracy: White = 38%, Black = 49%.} 0-1

[Event "ROU-chT 1st League 2019"]
[Site "Mamaia"]
[Date "2019.09.22"]
[Round "2.17"]
[White "Stoleriu, George"]
[Black "Zubac, Marius"]
[Result "1-0"]
[WhiteElo "2351"]
[BlackElo "2135"]
[Annotator "NA"]
[PlyCount "71"]
[EventDate "2019.09.21"]
[EventType "team-tourn"]
[EventCountry "ROU"]
[SourceTitle "playchess.com"]
[Source "ChessBase"]
[SourceQuality "1"]
[TimeControl "40/5400+30:1800+30"]

1. e4 {[%emt 0:00:00]} c5 {[%emt 0:00:00]} 2. Nc3 {[%emt 0:00:00]} Nc6 {[%emt 0:00:00]} 3. Bb5 {[%emt 0:00:00]} g6 {[%emt 0:00:00]} 4. f4 {[%emt 0:01:13]} e5 {[%emt 0:13:35]} 5. fxe5 {[%emt 0:04:28]} Bg7 {[%emt 0:02:12]} 6. Nf3 {[%emt 0:01:21]} Nge7 {[%emt 0:04:04]} 7. d3 {[%emt 0:06:43]} O-O {[%emt 0:03:49]} 8. Bg5 {[%emt 0:03:44]} Nxe5 {[%emt 0:09:00]} 9. Nxe5 {[%emt 0:01:47]} Bxe5 {[%emt 0:00:11]} 10. O-O {[%emt 0:00:21]} a6 {[%emt 0:38:47]} 11. Bc4 {[%emt 0:01:57]} b5 {[%emt 0:01:11]} 12. Nd5 {[%emt 0:01:11]} Nxd5 {[%emt 0:01:29]} 13. Bxd8 {[%emt 0:00:45]} Ne3 {[%emt 0:00:02]} 14. Qf3 {[%emt 0:03:48]} bxc4 {[%emt 0:00:02]} 15. Be7 {[%emt 0:03:48]} Nxf1 {[%emt 0:00:06]} 16. Rxf1 {[%emt 0:00:13]} Bb7 {[%emt 0:00:20]} 17. Bxf8 {[%emt 0:01:40]} Rxf8 {[%emt 0:00:02]} 18. Qg4 {[%emt 0:02:03]} cxd3 {[%emt 0:01:51]} 19. cxd3 {[%emt 0:03:23]} Bc6 {[%emt 0:00:10]} 20. b3 {[%emt 0:01:26]} Bb5 {[%emt 0:01:53]} 21. Rf3 {[%emt 0:01:17]} Kg7 {[%emt 0:01:00]} 22. Qh4 {[%emt 0:02:10]} f6 {[%emt 0:00:33]} 23. Rh3 {[%emt 0:00:56]} h5 {[%emt 0:00:11]} 24. g4 {[%emt 0:06:12]} Rh8 {[%emt 0:00:17]} 25. g5 {[%emt 0:00:34]} Rf8 {[%emt 0:00:02]} 26. gxf6+ {[%emt 0:01:02]} Rxf6 {[%emt 0:00:13]} 27. Kg2 {[%emt 0:01:46]} d6 {[%emt 0:01:58]} 28. a4 {[%emt 0:01:04]} Bd7 {[%emt 0:01:17]} 29. Rf3 {[%emt 0:00:04]} Rxf3 {[%emt 0:02:21]} 30. Kxf3 {[%emt 0:00:06]} Bg4+ {[%emt 0:00:06]} 31. Kg2 {[%emt 0:03:19]} Bd1 {[%emt 0:01:27]} 32. Qh3 {[%emt 0:00:24]} a5 {[%emt 0:04:54]} 33. Qd7+ {[%emt 0:00:51]} Kh6 {[%emt 0:00:02]} 34. Qd8 {[%emt 0:00:41]} Bc2 {[%emt 0:01:58]} 35. Qxa5 {[%emt 0:00:06]} Bxd3 {[%emt 0:00:04]} 36. Qd2+ {[%emt 0:00:03]} 1-0

[Event "ROU-chT 1st League 2019"]
[Site "Mamaia"]
[Date "2019.09.22"]
[Round "2.18"]
[White "Helmer, Janos"]
[Black "Petrisor, Adrian-Marian"]
[Result "0-1"]
[WhiteElo "1990"]
[BlackElo "2411"]
[Annotator "TA"]
[PlyCount "56"]
[EventDate "2019.09.21"]
[EventType "team-tourn"]
[EventCountry "ROU"]
[SourceTitle "playchess.com"]
[Source "ChessBase"]
[SourceQuality "1"]

{[%evp 10,56,-6,-52,-58,-86,-70,-78,-62,-93,-93,-121,-105,-109,-109,-135,-129,-191,-160,-156,-147,-152,-130,-177,-152,-209,-177,-190,-172,-171,-152,-171,-133,-126,-81,-89,-81,-135,-81,-198,-120,-248,-246,-826,-827,-1006,-465,-432,-456]} 1. c4 Nf6 2. Nc3 e5 3. g3 Bb4 4. Bg2 O-O 5. e3 Bxc3 6. dxc3 e4 {A22: English Opening: 1...e5 2 Nc3 Nf6} (6... d6 7. e4 Be6 8. Qe2 Nbd7 9. Nf3 Nc5 10. Nd2 Qd7 11. h3 a6 12. b3 b5 13. Ba3 Qc6 14. O-O {½-½ (44) Haznedaroglu,K (2471)-Demircioglu,E (2265) Kocaeli 2017}) 7. Ne2 Nc6 8. O-O Ne5 {Black is better.} 9. b3 d6 10. Qc2 $146 ({Predecessor:} 10. Nf4 Bg4 11. Qc2 Nf3+ 12. Kh1 g5 13. h3 Bf5 14. Bxf3 gxf4 15. exf4 Bxh3 {1-0 (65) Doluweera,M (1827)-Rahul,S (2061) Pune 2014}) 10... Bg4 11. h3 Bf3 12. Nd4 Qd7 13. Re1 (13. Bxf3 $17 Nxf3+ 14. Kg2) 13... Bxg2 14. Kxg2 c5 15. Ne2 Qf5 16. Ng1 h5 17. Bb2 (17. Rf1 $17) 17... Rfe8 18. Rad1 Re6 19. Qe2 Rae8 20. Rd2 Nh7 21. Red1 Nd3 22. Rxd3 exd3 23. Rxd3 (23. Qxd3 $142 Qxd3 24. Rxd3) 23... Rg6 (23... g5 $142 24. Rd2 Nf6) 24. Rd5 (24. Bc1 $17) 24... Re5 $36 {[%mdl 2048] Black has strong initiative.} (24... Qe4+ $19 25. Kh2 h4) 25. Rd2 (25. Rxe5 $17 {might work better.} Qxe5 26. Qd3) 25... Ng5 $19 26. Qxh5 $2 {[#]} (26. Rd5) 26... Qe4+ {Black is clearly winning.} 27. Kf1 Qb1+ (27... Qh1 $142 {White must now prevent ...Ne4.} 28. Rd3 Rh6 29. Qxg5 Rxg5) 28. Qd1 Ne4 {Accuracy: White = 33%, Black = 42%.} 0-1

[Event "ROU-chT 1st League 2019"]
[Site "Mamaia"]
[Date "2019.09.22"]
[Round "2.19"]
[White "Parligras, Mircea-Emilian"]
[Black "Istratescu, Andrei"]
[Result "1/2-1/2"]
[WhiteElo "2629"]
[BlackElo "2556"]
[Annotator "TA"]
[PlyCount "40"]
[EventDate "2019.09.21"]
[EventType "team-tourn"]
[EventCountry "ROU"]
[SourceTitle "playchess.com"]
[Source "ChessBase"]
[SourceQuality "1"]

{[%evp 30,40,44,41,57,27,37,8,8,9,10,9,8]} 1. e4 c5 2. Nf3 Nc6 3. d4 cxd4 4. Nxd4 g6 5. c4 Nf6 6. Nc3 d6 7. f3 Nxd4 8. Qxd4 Bg7 9. Be3 O-O 10. Qd2 Be6 11. Rc1 Qa5 12. Be2 Rfc8 13. b3 a6 14. Na4 Qxd2+ 15. Kxd2 Nd7 16. g4 Kf8 {B36: Sicilian: Maroczy Bind: Gurgenidze System} (16... f5 17. gxf5 gxf5 18. Rhg1 Kh8 19. Bd3 f4 20. Bf2 Bf6 21. Nb6 Nxb6 22. Bxb6 Rg8 23. a4 Rxg1 24. Rxg1 a5 {½-½ (75) Malakhov,V (2686)-Guseinov,G (2646) Riadh 2017}) 17. h3 {[#]} Rcb8 $146 ({Predecessor:} 17... Rab8 18. Rhd1 f5 19. exf5 gxf5 20. Bd3 fxg4 21. fxg4 b5 22. Rf1+ Kg8 23. cxb5 Rxc1 24. Rxc1 axb5 {½-½ (24) Ribli,Z (2580)-Andersson,U (2528) Bazna 2007}) 18. c5 dxc5 {The position is equal.} 19. Nxc5 Nxc5 20. Rxc5 Rd8+ 1/2-1/2

[Event "ROU-chT 1st League 2019"]
[Site "Mamaia"]
[Date "2019.09.22"]
[Round "2.20"]
[White "Aczel, Gergely"]
[Black "Deac, Bogdan-Daniel"]
[Result "1/2-1/2"]
[WhiteElo "2530"]
[BlackElo "2613"]
[Annotator "TA"]
[PlyCount "47"]
[EventDate "2019.09.21"]
[EventType "team-tourn"]
[EventCountry "ROU"]
[SourceTitle "playchess.com"]
[Source "ChessBase"]
[SourceQuality "1"]

{[%evp 16,47,10,31,26,21,25,8,30,25,20,29,27,13,53,17,14,18,51,63,61,54,67,33,86,84,96,104,93,121,127,139,150,139]} 1. d4 Nf6 2. c4 g6 3. f3 d5 4. cxd5 Nxd5 5. e4 Nb6 6. Nc3 Bg7 7. Be3 O-O 8. Qd2 e5 9. d5 c6 {D70: Grünfeld: Unusual White 3rd moves (met by ...d5)} 10. Rd1 cxd5 11. exd5 N8d7 {The position is equal.} 12. Nh3 e4 13. fxe4 Ne5 {[#] White must now prevent ...Bxh3.} 14. Nf2 f5 (14... Bg4 $5) 15. Bg5 (15. Bc5 Rf7 16. Be2 f4 17. Bf3 {½-½ (25) Aronian,L (2805)-Vachier Lagrave,M (2789) London 2017}) 15... Qe8 16. Bb5 $36 {[%mdl 2048] White is pushing.} Bd7 17. Bxd7 Qxd7 {[#]} 18. O-O $146 Nbc4 19. Qc1 b5 (19... Nd6 $14) 20. exf5 $16 Rxf5 21. Nfe4 b4 {[#]} 22. Nc5 $1 {[%cal Rc5d7]} Rxf1+ 23. Rxf1 Qd6 24. N3e4 {Accuracy: White = 93%, Black = 26%.} 1/2-1/2

[Event "ROU-chT 1st League 2019"]
[Site "Mamaia"]
[Date "2019.09.22"]
[Round "2.21"]
[White "Svetushkin, Dmitry"]
[Black "Miron, Lucian-Costin"]
[Result "1/2-1/2"]
[WhiteElo "2534"]
[BlackElo "2490"]
[Annotator "TA"]
[PlyCount "134"]
[EventDate "2019.09.21"]
[EventType "team-tourn"]
[EventCountry "ROU"]
[SourceTitle "playchess.com"]
[Source "ChessBase"]
[SourceQuality "1"]

{[%evp 14,134,30,23,27,24,10,20,16,16,31,0,6,0,-4,-37,7,7,8,0,47,57,53,53,53,45,56,69,62,59,133,10,8,0,0,0,17,15,86,85,100,99,77,84,82,38,33,51,24,0,28,0,25,-4,10,11,10,10,12,8,11,8,13,12,37,50,72,0,0,0,0,0,0,0,0,0,0,0,0,0,0,0,0,0,0,0,0,0,0,0,0,0,0,0,0,0,0,0,0,0,8,8,8,8,35,0,0,0,0,0,0,0,0,0,0,0,0,0,0,0,0,0,145]} 1. e4 e6 2. d4 d5 3. Nc3 Nf6 4. Bg5 dxe4 5. Nxe4 Be7 6. Bxf6 gxf6 7. Nf3 f5 8. Nc3 a6 {C13: French: Classical System: 4 Bg5 Be7, Alekhine-Chatard Attack} 9. Qe2 (9. Qd2 b5 10. O-O-O b4 11. Na4 Qd5 12. b3 Bd7 13. Bc4 Qd6 14. d5 e5 15. Rhe1 e4 16. Nd4 {1-0 (40) Carlsen,M (2832)-Grischuk,A (2750) chess.com INT 2017}) 9... b5 {[%cal Bb7b5,Bb5b4][%mdl 32]} 10. O-O-O b4 11. Na4 Qd5 12. Kb1 Nd7 13. b3 Bb7 {[#]} 14. Qd2 $146 ({Predecessor:} 14. Qe3 Rg8 15. Rg1 Nf6 16. Bc4 {1-0 (37) Safarli,E (2656)-Ali Marandi,C (2473) Dubai 2016}) 14... O-O-O 15. Bc4 Qa5 16. Qe3 Rhg8 (16... Bd6 {seems wilder.} 17. Rhe1 Kb8 18. Ne5 Bxe5 19. dxe5 Bc6) 17. d5 $1 {[%cal Rd5e6]} exd5 18. Qxe7 dxc4 19. Qxf7 cxb3 20. axb3 (20. Rxd7 bxc2+ 21. Kc1 Rxd7 $17) 20... Rgf8 21. Qxh7 Nf6 ({Black should try} 21... Bc6 $14) 22. Qh4 (22. Rxd8+ $16 Rxd8 23. Qe7) 22... Ne4 $1 $11 23. Ng5 {Threatens to win with Ne6!} Nd2+ {[%mdl 64] Discovered Attack} 24. Kb2 $1 Qe5+ 25. Ka2 Qf6 (25... Be4 $11 26. Nxe4 Qxe4 27. Qxe4 fxe4) 26. Qf4 $1 $16 Bxg2 27. Rhg1 Ne4 {[#] aiming for ...Rxd1.} 28. h4 $1 ({Much weaker is} 28. Rxd8+ $6 Rxd8 29. Nxe4 (29. Rxg2 $2 Rd1 $19) 29... Bxe4 $11) 28... Qc6 29. Rxd8+ Rxd8 30. Qxf5+ Kb7 31. Rc1 Rd2 {[%mdl 64] Double Attack} 32. Kb2 (32. Kb1 $5 {[%cal Rg5e4]} Rxf2 33. Qa5 $14) 32... Rxf2 33. Qe5 $132 {[%mdl 2048] White is fighting back} Qf6 34. Qxf6 Nxf6 35. Nc5+ Kb6 36. Nd3 Rf5 37. Rg1 Bb7 38. Ne6 Nd5 39. Rg6 {And now h5! would win.} Ka7 {[#]} 40. Nd4 ({Better is} 40. Nec5 $1 $16) 40... Rh5 $11 41. Rg4 Ne3 42. Rf4 Nd5 43. Rg4 Ne3 44. Rf4 a5 45. Ne6 Nd5 46. Rg4 Rh6 47. Nec5 Bc6 48. Ne5 Bb5 49. Nc4 Bxc4 50. Rxc4 {[%mdl 4096] Endgame KRN-KRN} Rg6 51. Na4 c6 52. Kc1 Kb7 53. Kd2 Kc7 54. Ke2 Kd6 55. Kf3 Rf6+ 56. Kg3 Rf5 57. Re4 Nf6 58. Re3 Kd5 59. Nb6+ (59. Rf3 $5 {[%cal Rf3f5]} Ke6 60. Rxf5 Kxf5 61. Nc5 $14) 59... Kd4 {The position is equal.} 60. Rd3+ Ke4 61. Nc4 Nh5+ 62. Kg4 Nf6+ 63. Kg3 {Hoping for Nd6+.} Nh5+ 64. Kg4 Nf6+ 65. Kg3 {Black must now prevent Nd6+.} Nh5+ 66. Kg4 Nf6+ 67. Kg3 {Nd6+ is the strong threat.} Rc5 {Accuracy: White = 71%, Black = 65%.} (67... Nh5+ $11 68. Kh3 Rc5) 1/2-1/2

[Event "ROU-chT 1st League 2019"]
[Site "Mamaia"]
[Date "2019.09.22"]
[Round "2.22"]
[White "Murariu, Andrei"]
[Black "Iordachescu, Viorel"]
[Result "1/2-1/2"]
[WhiteElo "2495"]
[BlackElo "2602"]
[Annotator "TA"]
[PlyCount "87"]
[EventDate "2019.09.21"]
[EventType "team-tourn"]
[EventCountry "ROU"]
[SourceTitle "playchess.com"]
[Source "ChessBase"]
[SourceQuality "1"]

{[%evp 15,87,0,0,0,0,8,14,0,0,0,0,0,0,0,0,0,0,0,0,0,0,0,4,12,4,4,29,18,17,31,16,0,0,0,0,0,0,0,0,0,0,0,0,0,0,0,0,0,0,0,24,0,0,0,0,0,0,-8,0,0,0,0,0,0,0,0,0,0,0,0,0,0,0,0]} 1. e4 e5 2. Nf3 Nc6 3. d4 exd4 4. Bc4 Bc5 5. c3 Nf6 6. e5 d5 7. Bb5 Ne4 8. cxd4 Bb6 9. Be3 {C54: Giuoco Piano: 4 c3 Nf6, main lines with 5 d4 and 5 d3} O-O 10. Nc3 f5 (10... Ba5 11. Qb3 Bxc3+ 12. bxc3 Na5 13. Qb4 b6 14. O-O Bf5 15. Rfc1 Rc8 16. Ba6 Rb8 17. Bd3 Re8 {½-½ (32) Karjakin,S (2753)-Topalov,V (2740) Shamkir 2019}) 11. exf6 Nxc3 12. bxc3 Qxf6 13. Qb3 Qd6 14. Bd3 Bg4 $146 ({Predecessor:} 14... Bf5 15. Qc2 Qg6 16. Bxf5 Qxf5 17. Qxf5 Rxf5 {1-0 (40) Lopez Paz,P-Perez Cruz,F (2365) Cuba 1996}) 15. Qc2 h6 16. Nh4 Ne7 17. O-O g5 18. f3 Bd7 $132 {[%mdl 2048] Black is fighting back} 19. Ng6 Nxg6 20. Bxg6 Rf6 21. Bh7+ Kh8 {[#] Strongly threatening ...Qe7.} 22. Bf2 c5 23. Rae1 cxd4 24. cxd4 Qb4 25. Rb1 Qa4 26. Rfe1 Rc8 27. Qxa4 Bxa4 28. Re7 Rfc6 {[#] And now ...Rc1+ would win.} 29. h4 Rc1+ 30. Kh2 {Rxb6! is the strong threat.} R1c7 31. Bf5 $1 Rxe7 32. Bxc8 Kg7 33. Re1 Rxe1 {The position is equal.} 34. Bxe1 $11 {[%mdl 4096] Endgame KBB-KBB} Bc6 35. hxg5 hxg5 36. Bf2 Kg6 37. Kh3 Bd8 38. Kg4 a5 39. Be3 b5 40. Bf5+ Kh6 41. Be6 Kg6 42. Bf5+ Kh6 43. Be6 Kg6 44. Bf5+ {Accuracy: White = 72%, Black = 74%.} 1/2-1/2

[Event "ROU-chT 1st League 2019"]
[Site "Mamaia"]
[Date "2019.09.22"]
[Round "2.23"]
[White "Nevednichy, Vladislav"]
[Black "Mateuta, Gabriel"]
[Result "1-0"]
[WhiteElo "2522"]
[BlackElo "2514"]
[Annotator "TA"]
[PlyCount "113"]
[EventDate "2019.09.21"]
[EventType "team-tourn"]
[EventCountry "ROU"]
[SourceTitle "playchess.com"]
[Source "ChessBase"]
[SourceQuality "1"]

{[%evp 19,113,19,19,10,20,16,28,29,29,18,29,20,44,52,48,45,42,42,42,42,48,42,43,47,43,46,43,50,43,46,46,43,62,47,51,50,80,70,90,83,92,75,93,60,77,68,117,70,68,60,56,0,30,35,46,12,53,58,129,122,301,238,451,445,539,318,256,185,187,190,185,175,189,186,181,166,425,421,406,393,288,38,42,8,8,8,69,8,29995,29996,29996,1195,29997,29998,29999,767]} 1. e4 e6 2. d4 d5 3. Nc3 Nf6 4. Bg5 Be7 5. e5 Nfd7 6. Bxe7 Qxe7 7. f4 a6 8. Nf3 c5 9. dxc5 Nc6 10. Qd2 Nxc5 11. Qe3 {C14: French: Classical System: 4 Bg5 Be7 main line} b5 12. a3 Bb7 13. b4 {White has an edge.} Nd7 {[#]} 14. Be2 $146 ({Predecessor:} 14. Bd3 d4 15. Nxd4 Ndxe5 16. fxe5 Qh4+ 17. Qf2 Qxd4 18. Qxd4 Nxd4 {0-1 (43) Geller,J (2504)-Riazantsev,A (2688) Loo 2014}) 14... O-O 15. O-O f6 16. Bd3 d4 17. Nxd4 Nxd4 18. Qxd4 fxe5 19. fxe5 Qg5 {[%csl Gb7][%cal Rg5g2]} 20. Ne4 (20. Rxf8+ {keeps more tension.} Rxf8 21. Be4 Bxe4 22. Nxe4 Qxe5 23. Qxe5 Nxe5 24. Nc5) 20... Qxe5 21. Rxf8+ Rxf8 22. Qxe5 Nxe5 23. Nc5 Nxd3 24. cxd3 $14 {[%mdl 4096] Endgame KRB-KRN} Bc8 25. Re1 Rd8 26. Kf2 Kf7 27. Ke3 Rd5 28. Rc1 Ke7 29. h4 Re5+ 30. Ne4 Kd7 31. d4 Rh5 32. g3 h6 33. Nc5+ Kd8 $1 34. Nd3 Rf5 35. Nc5 (35. g4 $14 Rf7 36. Nf4) 35... Rf8 36. g4 Ke7 37. Rg1 Kd6 (37... Bd7 $5) 38. g5 h5 (38... hxg5 $14 39. Rxg5 Rf7) 39. Rc1 $16 e5 $2 (39... g6 $16) 40. Ne4+ $18 Ke6 $2 (40... Kd7 {keeps fighting.} 41. dxe5 Kd8) 41. Rc6+ Kf5 42. Nd6+ Kg4 43. Nxc8 exd4+ 44. Kxd4 {Hoping for Ne7.} Kxh4 {KRN-KR} 45. Nd6 Kxg5 46. Rxa6 h4 47. Ra7 ({Don't take} 47. Nxb5 $6 h3 $16) 47... Kh6 $2 {[#]} (47... Rd8) 48. a4 $1 bxa4 49. Rxa4 g5 50. Ke5 $2 ({White has to play} 50. b5 $18 {And now b6 would win.} Rb8 51. Ke3) 50... h3 $14 51. Nf5+ Kh5 52. b5 {Black must now prevent Ng3+.} g4 ({Black should play} 52... Re8+ $11 53. Kd5 Rd8+ 54. Kc5 Rc8+ 55. Kd6 Rc3) 53. Ra7 (53. b6 $1 $14) 53... Rb8 $2 {[%mdl 8192] [#]} (53... h2 $11) 54. Rh7+ $1 Kg6 55. Rg7+ Kh5 56. Kf4 {[%csl Gf4][%cal Rg7g5]} Rf8 57. Ra7 {Accuracy: White = 65%, Black = 37%.} (57. Rg5# $142) 1-0

[Event "ROU-chT 1st League 2019"]
[Site "Mamaia"]
[Date "2019.09.22"]
[Round "2.24"]
[White "Ognean, Mihnea-Ionut"]
[Black "Costachi, Mihnea"]
[Result "1/2-1/2"]
[WhiteElo "2285"]
[BlackElo "2463"]
[Annotator "TA"]
[PlyCount "34"]
[EventDate "2019.09.21"]
[EventType "team-tourn"]
[EventCountry "ROU"]
[SourceTitle "playchess.com"]
[Source "ChessBase"]
[SourceQuality "1"]

{[%evp 13,34,25,27,30,32,36,30,23,8,-4,0,-7,-4,6,32,37,57,50,57,57,57,57,70]} 1. d4 Nf6 ({Predecessor:} 1... d5 2. c4 c6 3. Nf3 {½-½ (13) Roubaud,D (2559)-Neto,H (2584) ICCF email 2016}) 2. c4 c6 3. Nf3 d5 4. e3 Bg4 5. h3 Bh5 6. Nc3 e6 7. g4 Bg6 8. Ne5 {D11: Slav Defence: 3 Nf3 sidelines and 3...Nf6 4 e3 Bg4} Nbd7 9. Nxg6 hxg6 10. Bd2 $146 {White has an edge.} (10. g5 $5 {[%cal Rg5f6]}) (10. g5 Ng8 11. h4 Bb4 12. Qb3 Bxc3+ 13. bxc3 Ne7 14. Ba3 Nb6 15. Bxe7 Qxe7 {½-½ (85) Ding,L (2774)-Carlsen,M (2837) Saint Louis 2017}) 10... Bb4 11. Qb3 Bxc3 12. Bxc3 Nxg4 {[#] Threatens to win with ...Qh4.} 13. Bg2 ({Of course not} 13. Qxb7 Rb8 $17) 13... Ngf6 14. Qxb7 {White is slightly better.} O-O 15. c5 Qc8 16. Qxc8 Rfxc8 17. f3 Re8 1/2-1/2